| 000 | 00853nam a22002057a 4500 | ||
|---|---|---|---|
| 999 |
_c14263 _d14263 |
||
| 003 | AR-CdUCM | ||
| 008 | 190422b ||||| |||| 00| 0 spa d | ||
| 040 |
_aMUNICIPALIDAD PROVINCIAL DEL CUSCO _cBIBLIOTECA MUNICIPAL DEL CUSCO |
||
| 041 | _hspa | ||
| 082 |
_aEP / 803 / _bH71 |
||
| 100 |
_aHoller Figallo, Frieda. _932976 |
||
| 245 |
_aEse dedo meñique : _bMil y una forma de tener buen gusto sin caer en la ridiculez / |
||
| 260 |
_aLima : _bEditorial fe de erratas, |
||
| 300 |
_c21 cm. _a231 páginas ; |
||
| 505 | _aContenido :El milagro de la educación -- Los buenos modales nacen con el saludo -- El poder de la sonrisa -- La mujer estrella que brilla en sociedad -- Autoestima base fundamental de una imagen ... | ||
| 650 |
_aBuenos modales _932977 |
||
| 650 |
_aEtiqueta social _932978 |
||
| 942 |
_2ddc _cLIBROS |
||
| 945 |
_arum _d2019-04-22 |
||